01220nam a22002897a 450000500170000000800410001702000180005804000410007604100080011711000430012524500710016824600080023926000550024730000520030250400530035465000540040765000560046165000680051765000470058571000390063271000390067171000360071071000390074671000400078571000580082571000470088320240523115529.0240227t ||||| |||| 00| 0 spa d a9789588964737 aCO-BoUCMcDavid MorenodDavid Moreno aspa aSecretaría Distrital de Planeación1 aManual de Espacio Publico cSecretaría Distrital de Planeación aMEP aBogota, COL bComercializadora Comsila S.A.Sc2023 a529 Paginas bilustraciones y graficas a color  aIncluye referencias bibliográficas e índices17aEspacio públicoxAspectos sociales y2022-203517aSociología urbanay2022-2035zBogotá (Colombia)17aArquitectura del paisaje urbanoy2022-2035zBogotá (Colombia)17aUrbanismo y2022-2035zBogotá (Colombia)1 aInstituto de Desarrollo Urbano IDU1 aSecretaría Distrital de Ambiente1 aJardín Botánico de Bogotá1 aSecretaría Distrital de la Mujer1 aSecretaría Distrital de Movilidad1 aInstituto Distrital de Recreación y Deporte - IDRD 1 aInstituto Distrital de Patrimonio Cultural